Introduction to Business Law (Record no. 22145)
[ view plain ]
| 000 -LEADER | |
|---|---|
| fixed length control field | 00397nam a22001577a 4500 |
| 020 ## - INTERNATIONAL STANDARD BOOK NUMBER | |
| ISBN | 978-1-337-40434-1 |
| 082 ## - DEWEY DECIMAL CLASSIFICATION NUMBER | |
| Classification number | 346.07 |
| 100 ## - MAIN ENTRY--AUTHOR NAME | |
| Personal name | Beatty, Jeffrey F. |
| 245 ## - TITLE STATEMENT | |
| Title | Introduction to Business Law |
| 250 ## - EDITION STATEMENT | |
| Edition statement | 6th |
| 260 ## - PUBLICATION, DISTRIBUTION, ETC. (IMPRINT) | |
| Place of publication | Boston: |
| Name of publisher | Cengage Learning, |
| Year of publication | 2019 |
| 300 ## - PHYSICAL DESCRIPTION | |
| Number of Pages | xxi, 609p.: ill.; 25cm |
| 700 ## - ADDED ENTRY--PERSONAL NAME | |
| Personal name | Samuelson, Susan S. |
| 700 ## - ADDED ENTRY--PERSONAL NAME | |
| Personal name | Abril, Patricia Sanchez. |
| 942 ## - ADDED ENTRY ELEMENTS (KOHA) | |
| Koha item type | Books |
| Withdrawn status | Lost status | Damaged status | Not for loan | Collection code | Permanent Location | Current Location | Shelving location | Date acquired | Source of acquisition | Full call number | Accession Number | Price effective from | Koha item type |
|---|---|---|---|---|---|---|---|---|---|---|---|---|---|
| Non-fiction | IFM Main Campus Library | IFM Main Campus Library | Work Room processing | 01/14/2026 | Purchased | 346.07 BEA | 0000030445 | 01/14/2026 | Books | ||||
| Non-fiction | IFM Main Campus Library | IFM Main Campus Library | Work Room processing | 01/14/2026 | Purchased | 346.07 BEA | 0000030444 | 01/14/2026 | Books |
